|
|
|
|
| LEADER |
00000nab a2200000 a 4500 |
| 001 |
vtls000872346 |
| 003 |
SK-MaSNL |
| 005 |
20260303195328.0 |
| 008 |
140302c2004 xo 0 slo |
| 015 |
|
|
|a SNBRB2004/05-14652
|
| 035 |
|
|
|a CLN000223898
|
| 040 |
|
|
|a SNKBUCL
|b slo
|c SNKBUCL
|e AACR2
|
| 041 |
0 |
|
|a slo
|
| 044 |
|
|
|a xo
|c SK
|
| 080 |
|
|
|a 347.18
|2 1997
|
| 100 |
1 |
|
|a Kmec, Peter
|4 aut
|9 338315
|
| 245 |
1 |
0 |
|a Ešte raz o ochrane osobných údajov
|c Peter Kmec
|
| 650 |
0 |
7 |
|a ochrana osobných údajov
|2 snkbucl
|9 2262
|
| 655 |
|
7 |
|a články z novín a časopisov
|2 snkbucl
|9 267496
|
| 773 |
0 |
|
|t Učiteľské noviny
|g Roč. 54, č. 9 (2004), s. 8
|x 0139-5769
|
| 850 |
|
|
|a Slovenská národná knižnica v Martine
|
| 852 |
|
|
|a SNK
|b KIS3GCP
|
| 992 |
|
|
|a RBX
|
| 999 |
|
|
|c 2162000
|d 2163930
|